MARC details
| 000 -LEADER |
| fixed length control field |
03063nam a2200349 a 4500 |
| 001 - CONTROL NUMBER |
| control field |
1515 |
| 003 - CONTROL NUMBER IDENTIFIER |
| control field |
BD-DhEWU |
| 005 - DATE AND TIME OF LATEST TRANSACTION |
| control field |
20140222230743.0 |
| 008 - FIXED-LENGTH DATA ELEMENTS--GENERAL INFORMATION |
| fixed length control field |
110604s1986 ilua g b 000 0 und d |
| 020 ## - INTERNATIONAL STANDARD BOOK NUMBER |
| International Standard Book Number |
0256033919 |
|
| International Standard Book Number |
9780256033915 |
| 035 ## - SYSTEM CONTROL NUMBER |
| System control number |
(OCLC)13674108 |
| 040 ## - CATALOGING SOURCE |
| Original cataloging agency |
BD-DhEWU |
| Modifying agency |
BD-DhEWU |
| Language of cataloging |
eng |
| Transcribing agency |
BD-DhEWU |
| 041 ## - LANGUAGE CODE |
| Language code of text/sound track or separate title |
eng |
| 082 #4 - DEWEY DECIMAL CLASSIFICATION NUMBER |
| Classification number |
320.3 |
| Item number |
MAC 1986 |
| 100 1# - MAIN ENTRY--PERSONAL NAME |
| Personal name |
Macridis, Roy C. |
| 9 (RLIN) |
4127 |
| 245 10 - TITLE STATEMENT |
| Title |
Comparative politics : |
| Remainder of title |
notes and readings / |
| Statement of responsibility, etc |
Roy C. macridis, Bernard E.Brown. |
| 250 ## - EDITION STATEMENT |
| Edition statement |
6th ed. |
| 260 ## - PUBLICATION, DISTRIBUTION, ETC. (IMPRINT) |
| Place of publication, distribution, etc |
Chicago : |
| Name of publisher, distributor, etc |
The Dorsey Press, |
| Date of publication, distribution, etc |
c1986. |
| 300 ## - PHYSICAL DESCRIPTION |
| Extent |
xii, 602 p. : |
| Other physical details |
ill. ; |
| Dimensions |
23 cm. |
| 504 ## - BIBLIOGRAPHY, ETC. NOTE |
| Bibliography, etc |
Includes bibliographical references (p. 593-602). |
| 505 ## - FORMATTED CONTENTS NOTE |
| Title |
TOC |
| Formatted contents note |
How we compare / John Stuart Mill --<br/>The analysis of political systems / David Easton --<br/>The crisis of the state / Karl W. Deutsch --<br/>Will more countries become democratic? / Samuel P. Huntington --<br/>Democracy in Africa / Richard Sklar --<br/>The quest for economic democracy / M. Donald Hancock and John Logue --<br/>The world political economy and the crisis of embedded liberalism / Robert O. Keohane --<br/>On democracy and tyranny / Aristotle --<br/>Notes on the theory of dictatorship / Franz L. Neumann --<br/>Tensions in the bureaucratic-authoritarian state and the question of democracy / Guillermo O'Donnell --<br/>Change in the Soviet political system / Roger F. Byrnes --<br/>China's political evolution / Michael Oksenberg and Richard Bush --<br/>Communist political cultures / Gabriel A. Almond --<br/>The post-revolutionary phase in China and Russia / Richard Lowenthal --<br/>Groups and group theory / Roy C. Macridis --<br/>Interest groups and political parties / Howard J. Wiarda and Harvey F. Kline --<br/>Political participation / Norman H. Nie and Sidney Verba --<br/>The transformation of the Western European party systems / Otto Kirchheimer --<br/>Democratic theory and neocorporatist practice / Philippe C. Schmitter --<br/>Princes, parliaments, and the public service / Samuel E. Finer --<br/>Legitimation crisis / Jürgen Habermas --<br/>On the governability of democracies / Ralf Dahrendorf --<br/>Preferential policies / Myron Weiner --<br/>The idea of political development / Harry Eckstein --<br/>The creation of knowledge and technique / David Landes --<br/>The ethnocentrism of social science / Howard J. Wiarda --<br/>The capitalist world-economy / Immanuel Wallerstein --<br/>Modernization and dependency / J. Samuel Valenzuela and Arturo Valenzuela --<br/>The underdevelopment of dependency theory / Tony Smith --<br/>The anatomy of revolution / Crane Brinton --<br/>Radicalism or reformism / Seymour Martin Lipset --<br/>Revolution and anomie / Bernard E. Brown. |
| 526 ## - STUDY PROGRAM INFORMATION NOTE |
| Program name |
Sociology |
| 590 ## - LOCAL NOTE (RLIN) |
| Local note |
Saifun Momota |
| 650 ## - SUBJECT ADDED ENTRY--TOPICAL TERM |
| Topical term or geographic name as entry element |
Comparative government |
| 9 (RLIN) |
4128 |
|
| Topical term or geographic name as entry element |
Political science |
| 9 (RLIN) |
4129 |
|
| Topical term or geographic name as entry element |
Institutions politiques comparées. |
| 9 (RLIN) |
4130 |
| 655 ## - INDEX TERM--GENRE/FORM |
| Genre/form data or focus term |
|
| 9 (RLIN) |
4131 |
| 700 ## - ADDED ENTRY--PERSONAL NAME |
| Personal name |
Brown, Bernard E. |
| 9 (RLIN) |
4132 |
| 856 ## - ELECTRONIC LOCATION AND ACCESS |
| Materials specified |
WorldCat details |
| Uniform Resource Identifier |
http://www.worldcat.org/title/comparative-politics-notes-and-readings/oclc/13674108&referer=brief_results |
| 942 ## - ADDED ENTRY ELEMENTS (KOHA) |
| Koha item type |
Text |
| Source of classification or shelving scheme |
Dewey Decimal Classification |